000 00671nas a2200217 4500
001 BR2010004752
003 BR-BrBNA
005 20231205114311.0
007 ta
008 230509b bl.|||p| |||| 00| 00por d
040 _aBR-BrBNA
_bpor
_cBiblioteca Nacional de Agricultura
041 _a(Pt)
072 _aF70
100 1 _aBovini, M.G.
245 1 _aWissadula Medik. (Malvaceae)no Brasil: novas espécies e combinação
650 _aMALVACEAE
650 _aTAXONOMIA VEGETAL
773 0 _tActa Botanica Brasilica (Brazil)
_xISSN 0102-3306
_g(Apr-Jun 2010), v. 24(2) p. 435-440
_wBR2010004752
909 _a202311
_bLúcia
_c55
_dLúcia Elande
942 _2AGRIS
_n0
_cANA
999 _c208113
_d208113